| 000 | 00851 a2200277 4500 | ||
|---|---|---|---|
| 999 |
_c200129224 _d31893 |
||
| 001 | 200129224 | ||
| 003 | TR-AnTOB | ||
| 005 | 20190508091452.0 | ||
| 008 | 170209b xxu||||| |||| 00| 0 tur d | ||
| 020 | _a9758180797 | ||
| 040 |
_aTR-AnTOB _cTR-AnTOB |
||
| 041 | _atur | ||
| 050 | 1 | 4 |
_aPL248.K57 _bY8 2000 |
| 090 | _aPL248.K57 Y8 2000 | ||
| 100 | 1 |
_aKısakürek, Necip Fâzıl, _d1904-1983 _945817 |
|
| 245 | 1 | 0 |
_aYunus Emre / _cNecip Fazıl Kısakürek. |
| 264 | 1 |
_aCağaloğlu, İstanbul : _bBüyük Doğu Yayınları, _c2000. |
|
| 300 |
_a87 sayfa. ; _c20 cm. |
||
| 336 |
_2rdacontent _atext _btxt |
||
| 337 |
_2rdamedia _aunmediated _bn |
||
| 338 |
_2rdacarrier _avolume _bnc |
||
| 490 | 0 |
_aB.D. Yayınları ; _v14 _aTiyatro Eserleri ; _v12 |
|
| 600 | 0 | 0 |
_aYunus Emre, _d-1320? _vDrama _988897 |
| 942 |
_cBK _2lcc |
||